LEADER 01521nam a2200313 i 4500 001 000000181639 003 CaOOAMICUS 005 20240408115219.0 008 090914s2009 it u000 u ita u 013 $a159510 020 $a978-88-86212-70-0 040 $aSeMil$bita 110 2 $aAssociazione italiana catecheti .$0(OLS)http://semarc/name/38526 245 10$aGuidati dalla Parola nei luoghi della vita :$bla catechesi tra Rivelazione e segni dei tempi /$ca cura di Antonino Romano. 264 1$aMessina :$bCoop. S. Tom.,$c2009. 300 $a191 p. ;$c24 cm. 490 1 $aConvegni, Ricerche, Atti ;$v19 500 $aAtti del Convegno tenuto a Vitorchiano (Viterbo) nel 2008 650 4$aCatechesi - Atti di congressi.$0(OLS)http://semarc/subject/8001 650 4$aReligione cristiana - Insegnamento - Atti di congressi.$0(OLS)http://semarc/subject/34435 700 1 $aRomano, Antonino <1969- >.$0(OLS)http://semarc/name/59421 830 0$aConvegni, Ricerche, Atti ;$v19.$0(OLS)http://semarc/title/220544 850 $aSeMil 852 $aSeMil$W1$xVenegono$y1$m2C VI 149$j132343$B132343$CSeMilBibl$Z2$F144564 $81 961 $aOmaggio per recensione: Scuola Cattolica 996 $6020$a978-88-86212-70-0$9(OLS)http://semarc/number/171131 996 $6245$aGuidati dalla Parola nei luoghi della vita :$bla catechesi tra Rivelazione e segni dei tempi$9(OLS)http://semarc/title/260666 996 $6264$aMessina :$bCoop. S. Tom.$9(OLS)http://semarc/publisher/31821 LEADER 01065nam a2200253 i 4500 001 000000122207 003 CaOOAMICUS 005 20040127000000.0 008 040127s1978 it u000 u ita u 013 $a94902 040 $aSeMil$bita 100 1 $aMazzatosta, Maria Teresa.$0(OLS)http://semarc/name/50817 245 13$aIl regime fascista tra educazione e propaganda (1935-1943) /$cTeresa Maria Mazzatosta. 260 $aBologna :$bCappelli,$ccopyr. 1978. 300 $aXII, 243 p. ;$c19 cm. 490 0 $aNuova universale Cappelli ;$v6 500 $aContiene : Appendice. 650 4$aFascismo - Storia.$0(OLS)http://semarc/subject/2457 830 0$aNuova universale Cappelli ;$v6.$0(OLS)http://semarc/title/7928 850 $aSeMil 852 $aSeMil$W1$xVenegono$y1$m283 1 6 *$j77215$B77215$CSeMilBibl$Z2$F78885 $81 961 $aRecupero: Biblioteca Seminario Liceale 996 $6245$aIl regime fascista tra educazione e propaganda (1935-1943)$9(OLS)http://semarc/title/180061 996 $6260$aBologna :$bCappelli$9(OLS)http://semarc/publisher/29689